[Event "Birmingham op"]
[Site "Birmingham"]
[Date "2020.02.23"]
[Round "5"]
[White "Mihov, Filip"]
[Black "Belsley, Alexandre"]
[Result "1-0"]
[WhiteElo "2213"]
[BlackElo "2069"]
[PlyCount "77"]
[EventDate "2020.02.22"]
[EventType "team-swiss"]
[EventRounds "5"]
[EventCountry "ENG"]
[SourceTitle "CBM 195 Extra"]
[Source "ChessBase"]
[SourceDate "2020.05.31"]
[SourceVersion "1"]
[SourceVersionDate "2020.05.31"]
[SourceQuality "1"]
[WhiteTeam "Oxford"]
[BlackTeam "Bristol"]
[WhiteTeamCountry "ENG"]
[BlackTeamCountry "ENG"]

1. d4 Nf6 2. c4 e6 3. Nc3 Bb4 4. e3 b6 5. Bd3 Bb7 6. Nf3 0-0 7. 0-0 d5 8. cxd5 exd5 9. a3 Bd6 10. b4 a6 11. Qb3 Nbd7 12. a4 Qe7 13. b5 a5 14. Ba3 Rfe8 15. Rfc1 Ne4 16. Bxd6 Qxd6 17. Ra2 Nf8 18. Ne5 Re7 19. Rac2 Ng6 20. Nc6 Bxc6 21. Nxe4 dxe4 22. Rxc6 Qb4 23. Qxb4 axb4 24. Bc2 Ra7 25. Bb3 Kf8 26. R6c4 Ke8 27. Rxb4 f5 28. g3 Kd7 29. Rbc4 Nf8 30. h3 Ne6 31. Kg2 Nd8 32. g4 g6 33. Kg3 Nf7 34. Rc6 Nd6 35. Kf4 h6 36. gxf5 gxf5 37. Rg1 Ra8 38. Rg6 Rh7 39. Be6+ 1-0

[Event "Famalicao op 3rd"]
[Site "Famalicao"]
[Date "2015.08.03"]
[Round "3"]
[White "Santos, Jose Miguel Sereno"]
[Black "Belsley, Alexandre"]
[Result "0-1"]
[WhiteElo "1475"]
[BlackElo "2026"]
[PlyCount "108"]
[EventDate "2015.08.02"]
[EventType "swiss"]
[EventRounds "7"]
[EventCountry "POR"]
[SourceTitle "CBM 167 Extra"]
[Source "ChessBase"]
[SourceDate "2015.09.14"]
[SourceVersion "1"]
[SourceVersionDate "2015.09.14"]
[SourceQuality "1"]

1. e4 c6 2. d4 d5 3. Nc3 dxe4 4. Nxe4 Bf5 5. Ng3 Bg6 6. Nf3 Nd7 7. Bc4 e6 8. 0-0 Ngf6 9. Re1 Be7 10. c3 0-0 11. Be3 Qc7 12. Qc1 Bd6 13. Bb3 c5 14. dxc5 Nxc5 15. Bxc5 Bxc5 16. h3 Qxg3 17. Nd4 Bxd4 18. cxd4 Qd6 19. Qe3 Rfd8 20. Rad1 Nd5 21. Qf3 Rac8 22. Rc1 h6 23. Red1 Rc6 24. Rxc6 Qxc6 25. Bxd5 Qxd5 26. Qc3 Qc6 27. Qa5 Qb6 28. Qc3 Be4 29. Qe3 Bd5 30. b3 Qa5 31. Qe2 Rc8 32. Rd3 Rc1+ 33. Kh2 Qc7+ 34. Rg3 Qf4 35. Qg4 Qxg4 36. Rxg4 Rc2 37. Kg1 Rxa2 38. Rg3 Ra1+ 39. Kh2 Rb1 40. Rc3 Rxb3 41. Rc8+ Kh7 42. Rc7 a5 43. Rxf7 a4 44. Rf8 b5 45. Rf7 a3 46. Ra7 b4 47. Ra4 Rb2 48. Kg3 a2 49. Rxa2 Rxa2 50. f3 b3 51. Kf4 b2 52. Ke5 b1Q 53. Kd6 Qb8+ 54. Kc5 Rc2# 0-1

[Event "Famalicao op 3rd"]
[Site "Famalicao"]
[Date "2015.08.02"]
[Round "1"]
[White "Castro, Luis Filipe Ferreir"]
[Black "Belsley, Alexandre"]
[Result "0-1"]
[WhiteElo "1806"]
[BlackElo "2026"]
[PlyCount "60"]
[EventDate "2015.08.02"]
[EventType "swiss"]
[EventRounds "7"]
[EventCountry "POR"]
[SourceTitle "CBM 167 Extra"]
[Source "ChessBase"]
[SourceDate "2015.09.14"]
[SourceVersion "1"]
[SourceVersionDate "2015.09.14"]
[SourceQuality "1"]

1. e4 c6 2. Nf3 d5 3. Nc3 Bg4 4. Be2 e6 5. d3 Nf6 6. Bf4 Bb4 7. Qd2 Bxf3 8. Bxf3 d4 9. Rb1 Qa5 10. Qe2 dxc3 11. bxc3 Bxc3+ 12. Bd2 Bxd2+ 13. Qxd2 Qxd2+ 14. Kxd2 b6 15. Rhe1 e5 16. c3 Nbd7 17. Ke2 0-0-0 18. Rbd1 Rhe8 19. Ke3 Nc5 20. d4 exd4+ 21. Rxd4 Rxd4 22. cxd4 Ncxe4 23. Rc1 Ng5+ 24. Kd3 Nxf3 25. gxf3 Kd7 26. Rg1 g6 27. Rd1 Nd5 28. Rd2 Re1 29. Re2 Nf4+ 30. Ke4 Nxe2 0-1

[Event "Coimbra Queima das Fitas op"]
[Site "Coimbra"]
[Date "2015.05.02"]
[Round "4"]
[White "Belsley, Alexandre"]
[Black "Oliveira, Ricardo Jorge GB"]
[Result "1-0"]
[WhiteElo "1975"]
[BlackElo "1595"]
[PlyCount "101"]
[EventDate "2015.04.30"]
[EventType "swiss"]
[EventRounds "7"]
[EventCountry "POR"]
[SourceTitle "EXT 2018"]
[Source "ChessBase"]
[SourceDate "2017.10.13"]
[SourceVersion "1"]
[SourceVersionDate "2017.10.13"]
[SourceQuality "1"]

1. d4 Nf6 2. c4 e6 3. Nf3 Bb4+ 4. Nbd2 0-0 5. g3 c5 6. a3 Bxd2+ 7. Qxd2 cxd4 8. Qxd4 Nc6 9. Qh4 h6 10. Bg2 Nh7 11. Qxd8 Rxd8 12. Bf4 d5 13. cxd5 exd5 14. 0-0 Be6 15. Rfd1 Nf6 16. Rac1 Rac8 17. Ne5 Ne7 18. Be3 b6 19. h3 Rxc1 20. Bxc1 Rc8 21. g4 Ne4 22. Nf3 Nc5 23. Bf4 Ng6 24. Be3 Ne7 25. Nd4 Na4 26. b3 Nc3 27. Rc1 Ne4 28. Rxc8+ Bxc8 29. Nb5 a6 30. Nc7 b5 31. Nxd5 Nxd5 32. Bxe4 Nxe3 33. fxe3 g5 34. b4 Kg7 35. Kf2 Kf6 36. Bd5 Ke7 37. Kf3 f6 38. Ke4 Kd6 39. Kd4 f5 40. Bf3 Be6 41. e4 fxe4 42. Bxe4 Bc8 43. Bd5 Bd7 44. e4 Bc8 45. Bf7 Bd7 46. Bg6 Bc6 47. Bh7 Bb7 48. Bf5 Bc6 49. Bc8 Kc7 50. Bxa6 Bd7 51. Kc5 1-0

[Event "Coimbra Queima das Fitas op"]
[Site "Coimbra"]
[Date "2015.04.30"]
[Round "1"]
[White "Teixeira, Rafael Eduardo"]
[Black "Belsley, Alexandre"]
[Result "0-1"]
[WhiteElo "1727"]
[BlackElo "1975"]
[PlyCount "89"]
[EventDate "2015.04.30"]
[EventType "swiss"]
[EventRounds "7"]
[EventCountry "POR"]
[SourceTitle "EXT 2018"]
[Source "ChessBase"]
[SourceDate "2017.10.13"]
[SourceVersion "1"]
[SourceVersionDate "2017.10.13"]
[SourceQuality "1"]

1. d4 Nf6 2. Nf3 e6 3. Bg5 h6 4. Bh4 c5 5. e3 cxd4 6. exd4 b6 7. Nbd2 Bb7 8. Bg3 Be7 9. Bd3 0-0 10. Nc4 d6 11. Qe2 Qc7 12. 0-0 Nbd7 13. Na3 a6 14. c4 Nh5 15. d5 e5 16. Nh4 Nxg3 17. fxg3 Bxh4 18. gxh4 Rae8 19. Qe4 g6 20. Qg4 Nc5 21. Bc2 h5 22. Qg5 e4 23. Qg3 Kh7 24. b4 Nd7 25. Rae1 f5 26. Bd1 Ne5 27. Re3 Nd3 28. Qg5 Qg7 29. g3 Nxb4 30. Rb3 a5 31. Nc2 Nxc2 32. Bxc2 Ba6 33. Rxb6 Qd4+ 34. Kh1 Qxb6 35. Bd1 Qc7 36. Bxh5 Qf7 37. Be2 e3 38. h5 Qf6 39. hxg6+ Qxg6 40. Qh4+ Kg8 41. Bh5 Qh6 42. Bf7+ Kh7 43. Bh5 e2 44. Re1 Re4 45. g4 0-1

[Event "POR-chT"]
[Site "Caldas da Rainha"]
[Date "2014.08.22"]
[Round "8.5"]
[White "Ftacnik, Lubomir"]
[Black "Belsley, Alexandre"]
[Result "1-0"]
[WhiteElo "2571"]
[BlackElo "1945"]
[PlyCount "70"]
[EventDate "2014.08.17"]
[EventType "team-tourn"]
[EventRounds "9"]
[EventCountry "POR"]
[SourceTitle "CBM 161 Extra"]
[Source "ChessBase"]
[SourceDate "2014.08.29"]
[SourceVersion "1"]
[SourceVersionDate "2014.08.29"]
[SourceQuality "1"]
[WhiteTeam "Gaia"]
[BlackTeam "Escola Joao de Meira"]
[WhiteTeamCountry "POR"]
[BlackTeamCountry "POR"]

1. c4 c6 2. Nf3 d5 3. e3 Nf6 4. Nc3 Bg4 5. cxd5 Bxf3 6. Qxf3 cxd5 7. d4 Nc6 8. g4 e6 9. Bd3 Bd6 10. g5 Nd7 11. h4 Qe7 12. Bd2 Nb6 13. 0-0-0 0-0-0 14. Kb1 a6 15. Qg4 Kb8 16. e4 e5 17. exd5 Nxd4 18. Rhe1 Qd7 19. Qe4 f5 20. gxf6 gxf6 21. f4 Rdg8 22. fxe5 fxe5 23. Rg1 Qh3 24. Be3 Nd7 25. Bf1 Qh2 26. Rd2 Qxg1 27. Bxg1 Rxg1 28. Rd1 Rf8 29. Be2 Nc5 30. Qe3 Nxe2 31. Rxg1 Nxg1 32. Qxg1 e4 33. b4 Nd3 34. Nxe4 Be5 35. Nc5 Nxb4 1-0

[Event "POR-chT"]
[Site "Caldas da Rainha"]
[Date "2014.08.21"]
[Round "7.2"]
[White "Belsley, Alexandre"]
[Black "Fanha, Paulo Alexandre Mar"]
[Result "1-0"]
[WhiteElo "1945"]
[BlackElo "1928"]
[PlyCount "183"]
[EventDate "2014.08.17"]
[EventType "team-tourn"]
[EventRounds "9"]
[EventCountry "POR"]
[SourceTitle "CBM 161 Extra"]
[Source "ChessBase"]
[SourceDate "2014.08.29"]
[SourceVersion "1"]
[SourceVersionDate "2014.08.29"]
[SourceQuality "1"]
[WhiteTeam "Escola Joao de Meira"]
[BlackTeam "EDP"]
[WhiteTeamCountry "POR"]
[BlackTeamCountry "POR"]

1. d4 e6 2. c4 Bb4+ 3. Bd2 Bxd2+ 4. Qxd2 Nf6 5. Nc3 d5 6. e3 0-0 7. Nf3 Nbd7 8. Bd3 dxc4 9. Bxc4 c5 10. 0-0 cxd4 11. Qxd4 Nb6 12. Be2 Qxd4 13. Nxd4 Bd7 14. Nf3 Rfd8 15. Ne5 Be8 16. Rfd1 Nfd7 17. Nxd7 Nxd7 18. Nb5 Ne5 19. f4 Bxb5 20. Bxb5 Ng4 21. e4 Ne3 22. Rd3 Rxd3 23. Bxd3 Rd8 24. Be2 Nc2 25. Rc1 Nd4 26. Kf2 Nc6 27. Ke3 Kf8 28. a3 Rc8 29. Bb5 Ne7 30. Rd1 a6 31. Ba4 b5 32. Bb3 Nc6 33. Rc1 Ke7 34. Bd1 Kd7 35. Be2 Na5 36. Rxc8 Kxc8 37. a4 bxa4 38. Bxa6+ Kc7 39. Bb5 Kb6 40. Bxa4 Nc4+ 41. Kd4 Nxb2 42. Be8 Kc7 43. Bxf7 Kd7 44. Bh5 Ke7 45. Be2 Na4 46. Bb5 Nb6 47. Ke5 Na8 48. Bc4 Nc7 49. g3 Kd7 50. g4 Ke7 51. g5 Kd7 52. h4 Ke7 53. h5 Kd7 54. Bb3 Ke7 55. Ba4 Na6 56. Bb3 Nc5 57. Bc2 Nd7+ 58. Kd4 Nb8 59. Ba4 Na6 60. Bc2 Nb4 61. Bb1 Nc6+ 62. Kc5 Na5 63. Bc2 Nb7+ 64. Kd4 Nd8 65. e5 h6 66. gxh6 gxh6 67. Be4 Nf7 68. Kc5 Nh8 69. Kc6 Nf7 70. Kc7 Nh8 71. Bh7 Nf7 72. Bg8 Nd8 73. Kb6 Kd7 74. Kc5 Ke7 75. Bh7 Nf7 76. Kd4 Kf8 77. Bg6 Nh8 78. Bc2 Nf7 79. Ke4 Ke7 80. Kf3 Nd8 81. Be4 Kf7 82. Kg4 Ke7 83. Bg6 Nc6 84. Kf3 Nd4+ 85. Ke3 Nc6 86. Kd3 Kd7 87. Kc4 Ke7 88. Kc5 Nd8 89. Kb5 Kd7 90. Kb6 Kc8 91. Be8 Nb7 92. Bd7+ 1-0

[Event "Ourense op"]
[Site "Ourense"]
[Date "2014.07.08"]
[Round "3"]
[White "Santos Latasa, Jaime"]
[Black "Belsley, Alexandre"]
[Result "1-0"]
[WhiteElo "2449"]
[BlackElo "1973"]
[PlyCount "69"]
[EventDate "2014.07.07"]
[EventType "swiss"]
[EventRounds "9"]
[EventCountry "ESP"]
[SourceTitle "EXT 2016"]
[Source "ChessBase"]
[SourceDate "2015.10.08"]
[SourceVersion "1"]
[SourceVersionDate "2015.10.08"]
[SourceQuality "1"]

1. e4 c6 2. Nc3 d5 3. Nf3 Bg4 4. h3 Bh5 5. exd5 cxd5 6. g4 Bg6 7. Bb5+ Nc6 8. Ne5 Rc8 9. d4 e6 10. Qe2 Bb4 11. h4 Nge7 12. h5 Be4 13. f3 0-0 14. Nxc6 Nxc6 15. Be3 Qf6 16. fxe4 Nxd4 17. Bxd4 Qxd4 18. Rd1 Bxc3+ 19. bxc3 Qxc3+ 20. Kf1 Qxc2 21. Qxc2 Rxc2 22. exd5 exd5 23. a4 Rd8 24. Rh3 a6 25. Be2 b5 26. axb5 axb5 27. Rb3 Rc5 28. Bxb5 h6 29. Bd3 Rc6 30. Rb7 g6 31. Ke2 gxh5 32. gxh5 Rf6 33. Rg1+ Kf8 34. Bh7 Re8+ 35. Kd1 1-0

[Event "POR-chT2 final"]
[Site "Matosinhos"]
[Date "2013.08.25"]
[Round "3.2"]
[White "Belsley, Alexandre"]
[Black "Paredes, Joao Manuel Escalei"]
[Result "1/2-1/2"]
[WhiteElo "1915"]
[BlackElo "1888"]
[PlyCount "54"]
[EventDate "2013.08.24"]
[EventType "team-tourn"]
[EventRounds "3"]
[EventCountry "POR"]
[SourceTitle "EXT 2018"]
[Source "ChessBase"]
[SourceDate "2017.10.13"]
[SourceVersion "1"]
[SourceVersionDate "2017.10.13"]
[SourceQuality "1"]
[WhiteTeam "Joao de Meira"]
[BlackTeam "Carris"]
[WhiteTeamCountry "POR"]
[BlackTeamCountry "POR"]

1. Nf3 Nf6 2. c4 c5 3. Nc3 d5 4. cxd5 Nxd5 5. g3 Nc6 6. Bg2 Nc7 7. 0-0 e5 8. d3 Be7 9. Bd2 0-0 10. Rc1 Bd7 11. Ne1 Rc8 12. a3 b6 13. Nc2 Na5 14. Nd5 Nb3 15. Nxe7+ Qxe7 16. Rb1 Be6 17. Bc3 f6 18. Na1 Qf7 19. Nxb3 Bxb3 20. Qd2 Rfd8 21. Qe3 Nd5 22. Bxd5 Qxd5 23. Rbc1 Re8 24. f3 a5 25. Qd2 a4 26. Ra1 Red8 27. Qe3 Rb8 1/2-1/2

[Event "EU-ch U18"]
[Site "Prague"]
[Date "2012.08.22"]
[Round "6"]
[White "Belsley, Alexandre"]
[Black "Petras, Marian"]
[Result "1/2-1/2"]
[WhiteElo "1842"]
[BlackElo "1958"]
[PlyCount "83"]
[EventDate "2012.08.17"]
[EventType "swiss"]
[EventRounds "9"]
[EventCountry "CZE"]
[SourceTitle "CBM 150 Extra"]
[Source "ChessBase"]
[SourceDate "2012.10.19"]
[SourceVersion "1"]
[SourceVersionDate "2012.10.19"]
[SourceQuality "1"]

1. d4 d5 2. c4 c6 3. Nf3 Nf6 4. e3 Bf5 5. Nc3 e6 6. Qb3 Qb6 7. c5 Qc7 8. Nh4 Bg6 9. Nxg6 hxg6 10. h3 Nbd7 11. Bd3 e5 12. Bd2 Be7 13. 0-0-0 Rh4 14. g3 Rh8 15. Kb1 Rb8 16. Qc2 Kf8 17. Rc1 Ne8 18. Ka1 Bf6 19. dxe5 Nxe5 20. e4 Nxd3 21. Qxd3 Rd8 22. exd5 Bxc3 23. Qxc3 Rxd5 24. Bf4 Qd7 25. h4 Rhh5 26. Rhe1 Kg8 27. Bg5 f6 28. Bf4 Rxc5 29. Qxc5 Rxc5 30. Rxc5 Nc7 31. Bxc7 Qxc7 32. Rec1 Qd6 33. a3 Kf7 34. R5c3 Qe6 35. R1c2 Qd5 36. Rc1 Qf5 37. R1c2 Ke7 38. Re2+ Kd7 39. Rce3 Qc5 40. Kb1 Qf5+ 41. Ka1 Qc5 42. Kb1 1/2-1/2

[Event "EU-ch U18"]
[Site "Prague"]
[Date "2012.08.18"]
[Round "2"]
[White "Belsley, Alexandre"]
[Black "Sosovicka, Juraj"]
[Result "1/2-1/2"]
[WhiteElo "1842"]
[BlackElo "2108"]
[PlyCount "90"]
[EventDate "2012.08.17"]
[EventType "swiss"]
[EventRounds "9"]
[EventCountry "CZE"]
[SourceTitle "CBM 150 Extra"]
[Source "ChessBase"]
[SourceDate "2012.10.19"]
[SourceVersion "1"]
[SourceVersionDate "2012.10.19"]
[SourceQuality "1"]

1. d4 d5 2. c4 c6 3. Nf3 Nf6 4. Qc2 e6 5. g3 Nbd7 6. Bg2 dxc4 7. 0-0 Be7 8. Qxc4 0-0 9. Nc3 Nb6 10. Qb3 c5 11. Rd1 Nbd5 12. Nxd5 Nxd5 13. dxc5 Qc7 14. Bd2 Bxc5 15. Rac1 Qe7 16. Ne5 b6 17. Nd3 Bb7 18. Nxc5 bxc5 19. e4 Nb6 20. Qa3 Rfc8 21. Be3 Nd7 22. Rd2 Rc7 23. Rdc2 Rac8 24. Bf4 e5 25. Be3 h6 26. f3 Qe6 27. Bf1 a6 28. Qb3 Qxb3 29. axb3 Rc6 30. b4 cxb4 31. Rxc6 Rxc6 32. Rxc6 Bxc6 33. Bxa6 f5 34. exf5 Bxf3 35. Bd2 Bg4 36. Bc4+ Kh8 37. Bxb4 Bxf5 38. Bc3 Kh7 39. b4 Kg6 40. Bd5 Kf6 41. Kf2 Bd3 42. Ke3 Bb5 43. Ke4 Ba4 44. Bc4 Bc6+ 45. Bd5 Ba4 1/2-1/2

[Event "POR-chT3 final"]
[Site "Matosinhos"]
[Date "2012.07.21"]
[Round "1.2"]
[White "Carvalho, Joao Alexandre"]
[Black "Belsley, Alexandre"]
[Result "0-1"]
[WhiteElo "1810"]
[BlackElo "1850"]
[PlyCount "62"]
[EventDate "2012.07.21"]
[EventType "team-k.o."]
[EventRounds "3"]
[EventCountry "POR"]
[SourceTitle "EXT 2015"]
[Source "ChessBase"]
[SourceDate "2014.11.20"]
[SourceVersion "1"]
[SourceVersionDate "2014.11.20"]
[SourceQuality "1"]
[WhiteTeam "Torres Novas"]
[BlackTeam "Joao de Meira"]
[WhiteTeamCountry "POR"]
[BlackTeamCountry "POR"]

1. e4 c6 2. c4 d5 3. cxd5 cxd5 4. exd5 Nf6 5. Bb5+ Nbd7 6. Nc3 a6 7. Qa4 Rb8 8. Be2 b5 9. Qb3 Bb7 10. d4 Nb6 11. Bf4 Rc8 12. Nf3 Nbxd5 13. Bg3 e6 14. 0-0 Be7 15. a4 b4 16. Nd1 0-0 17. Ne3 Ne4 18. Rac1 Nxg3 19. fxg3 Rxc1 20. Rxc1 Nxe3 21. Qxe3 Qa5 22. Ne5 Rd8 23. Bf3 Bd5 24. Bxd5 Qxd5 25. Nc6 Bf6 26. Kh1 Re8 27. b3 Bg5 28. Qe1 Bxc1 29. Qxc1 Qxb3 30. Ne7+ Kf8 31. Nc6 Qc3 0-1

[Event "POR-ch U18"]
[Site "Torres Vedras"]
[Date "2012.03.29"]
[Round "7.2"]
[White "Ferreira, Jorge Viterbo"]
[Black "Belsley, Alexandre"]
[Result "1-0"]
[WhiteElo "2339"]
[BlackElo "1830"]
[PlyCount "69"]
[EventDate "2012.03.25"]
[EventType "swiss"]
[EventRounds "7"]
[EventCountry "POR"]
[SourceTitle "EXT 2015"]
[Source "ChessBase"]
[SourceDate "2014.11.20"]
[SourceVersion "1"]
[SourceVersionDate "2014.11.20"]
[SourceQuality "1"]

1. e4 c6 2. d4 d5 3. e5 Bf5 4. Nd2 e6 5. Nb3 Nd7 6. Nf3 Ne7 7. Bd2 Nc8 8. c4 dxc4 9. Bxc4 Be7 10. 0-0 0-0 11. Rc1 Ncb6 12. Be2 Rc8 13. Na5 Qc7 14. b4 Nd5 15. Qb3 Rfe8 16. Rfe1 Qb8 17. Bf1 f6 18. Nc4 Bg4 19. exf6 Bxf6 20. Nfe5 Nxe5 21. dxe5 Be7 22. a3 Qc7 23. Qg3 Bf5 24. Bg5 Bf8 25. Be2 Qf7 26. Bf3 h6 27. Bxh6 Qg6 28. Bg5 b6 29. Qh4 Qh7 30. Nd6 Qxh4 31. Bxh4 Be7 32. Nxf5 exf5 33. Bxd5+ cxd5 34. Rxc8 Rxc8 35. Bxe7 1-0

[Event "POR-ch U18"]
[Site "Torres Vedras"]
[Date "2012.03.28"]
[Round "6.4"]
[White "Belsley, Alexandre"]
[Black "Cadeirinhas, David Eduardo Lour"]
[Result "1-0"]
[WhiteElo "1830"]
[BlackElo "1832"]
[PlyCount "157"]
[EventDate "2012.03.25"]
[EventType "swiss"]
[EventRounds "7"]
[EventCountry "POR"]
[SourceTitle "EXT 2015"]
[Source "ChessBase"]
[SourceDate "2014.11.20"]
[SourceVersion "1"]
[SourceVersionDate "2014.11.20"]
[SourceQuality "1"]

1. d4 Nf6 2. c4 g6 3. Nc3 Bg7 4. e4 d6 5. Nf3 0-0 6. Be2 Nbd7 7. 0-0 e5 8. Be3 exd4 9. Nxd4 Nc5 10. f3 Re8 11. Qd2 Ne6 12. Rad1 Nxd4 13. Bxd4 Qe7 14. Rfe1 Be6 15. Rc1 a6 16. Bf1 Rad8 17. Nd5 Bxd5 18. cxd5 Rc8 19. Qb4 c5 20. dxc6 bxc6 21. Qd2 Qb7 22. Qa5 Nxe4 23. Be3 Nf6 24. Bxa6 Qa8 25. b4 Rxe3 26. Bxc8 Rxe1+ 27. Rxe1 Qxc8 28. Rd1 d5 29. b5 cxb5 30. Qxb5 Qc2 31. Qb1 Qxb1 32. Rxb1 d4 33. a4 Bf8 34. a5 Bc5 35. Kf1 Kf8 36. a6 Ke7 37. a7 Bxa7 38. Rb7+ Ke6 39. Rxa7 Nd5 40. g3 h5 41. Ke2 f6 42. Kd3 Nb4+ 43. Kc4 Nc2 44. Ra5 g5 45. f4 gxf4 46. gxf4 Ne3+ 47. Kxd4 Nf5+ 48. Ke4 Nd6+ 49. Kf3 Nf5 50. Ra8 Kf7 51. Ra4 Kg6 52. Kg2 Nh4+ 53. Kh3 Nf5 54. Ra1 Kf7 55. Rg1 Ke6 56. Kg2 Kf7 57. Kf3 Nh4+ 58. Ke4 Ke6 59. Rg3 Nf5 60. Rh3 Ng7 61. Rh4 f5+ 62. Ke3 Kd5 63. Rh3 Ke6 64. Rg3 Kf6 65. Rg5 Kf7 66. Kf3 Kf6 67. Kg3 h4+ 68. Kf3 Kf7 69. Rg1 Ne6 70. Rd1 Ke7 71. Ra1 Nd4+ 72. Kg2 Ne6 73. Rf1 Nf8 74. Rb1 Kf6 75. Rb5 Kg6 76. Kh3 Ne6 77. Rb6 Kf6 78. Rxe6+ Kxe6 79. Kxh4 1-0

[Event "Mondariz op 9th"]
[Site "Mondariz Balneario"]
[Date "2011.08.28"]
[Round "7.12"]
[White "Rodriguez Vignote, Javier"]
[Black "Belsley, Alexandre"]
[Result "1/2-1/2"]
[WhiteElo "1934"]
[BlackElo "1705"]
[PlyCount "49"]
[EventDate "2011.08.22"]
[EventType "swiss"]
[EventRounds "7"]
[EventCountry "ESP"]
[SourceTitle "EXT 2024"]
[Source "ChessBase"]
[SourceDate "2023.10.10"]
[SourceVersion "1"]
[SourceVersionDate "2023.10.10"]
[SourceQuality "1"]

1. Nf3 f5 2. g3 Nf6 3. d4 e6 4. Bg2 Be7 5. 0-0 0-0 6. c4 d6 7. Nc3 Ne4 8. Qc2 Nxc3 9. Qxc3 Nc6 10. Rb1 Bf6 11. b4 e5 12. dxe5 dxe5 13. Qb3 e4 14. Rd1 Qe7 15. Ne1 Be6 16. b5 Na5 17. Ba3 Nxb3 18. Bxe7 Bxe7 19. axb3 a6 20. bxa6 Rxa6 21. Nc2 Ra2 22. Nd4 Kf7 23. e3 Rd8 24. g4 g6 25. Ra1 1/2-1/2

[Event "Mondariz op 9th"]
[Site "Mondariz Balneario"]
[Date "2011.08.26"]
[Round "5.21"]
[White "Lopez Carballal, Alonso"]
[Black "Belsley, Alexandre"]
[Result "0-1"]
[WhiteElo "1429"]
[BlackElo "1705"]
[PlyCount "78"]
[EventDate "2011.08.22"]
[EventType "swiss"]
[EventRounds "7"]
[EventCountry "ESP"]
[SourceTitle "EXT 2024"]
[Source "ChessBase"]
[SourceDate "2023.10.10"]
[SourceVersion "1"]
[SourceVersionDate "2023.10.10"]
[SourceQuality "1"]

1. c4 c6 2. Nc3 d5 3. cxd5 cxd5 4. d4 Nf6 5. e3 Nc6 6. g3 Bf5 7. Bg2 e6 8. Nge2 Bd6 9. 0-0 0-0 10. Bd2 Rc8 11. Rc1 Qe7 12. Nb5 Bb8 13. a3 Rfd8 14. Qb3 a6 15. Nbc3 Na5 16. Qa2 Nc4 17. Rfd1 Bd6 18. b4 b5 19. Re1 Ra8 20. Red1 Rdb8 21. Qb3 a5 22. Na2 axb4 23. Bxb4 Bxb4 24. Qxb4 Qxb4 25. Nxb4 Rxa3 26. Ra1 Rba8 27. Rxa3 Rxa3 28. Nc6 Kf8 29. Rc1 Ra6 30. Nb4 Ra4 31. Nc6 b4 32. Bf1 b3 33. Nc3 b2 34. Re1 Ra1 35. Re2 b1Q 36. Nxb1 Rxb1 37. Ra2 Bd3 38. Ra8+ Ne8 39. h4 Bxf1 0-1

[Event "Mondariz op 9th"]
[Site "Mondariz Balneario"]
[Date "2011.08.24"]
[Round "3.14"]
[White "Belsley, Alexandre"]
[Black "Martins, David Pires Tavares"]
[Result "1/2-1/2"]
[WhiteElo "1705"]
[BlackElo "2063"]
[PlyCount "109"]
[EventDate "2011.08.22"]
[EventType "swiss"]
[EventRounds "7"]
[EventCountry "ESP"]
[SourceTitle "EXT 2024"]
[Source "ChessBase"]
[SourceDate "2023.10.10"]
[SourceVersion "1"]
[SourceVersionDate "2023.10.10"]
[SourceQuality "1"]

1. d4 e6 2. c4 Nf6 3. g3 d5 4. Bg2 c6 5. Nf3 b6 6. Qc2 Ba6 7. Nbd2 Bd6 8. 0-0 0-0 9. b3 Nbd7 10. Bb2 Qe7 11. Ne5 Rac8 12. Nxd7 Nxd7 13. e4 Bb4 14. Rfd1 Rfd8 15. Nf1 dxc4 16. bxc4 e5 17. a3 Bd6 18. Ne3 exd4 19. Nf5 Qe6 20. Nxd4 Qxc4 21. Qxc4 Bxc4 22. Rac1 b5 23. Nxb5 cxb5 24. Rxd6 Nc5 25. Rcd1 Rxd6 26. Rxd6 f6 27. Bd4 a5 28. e5 fxe5 29. Bxe5 Nd3 30. Bd5+ Bxd5 31. Rxd5 Nxe5 32. Rxe5 Rb8 33. Re2 b4 34. axb4 axb4 35. Kf1 g5 36. h3 Kf7 37. Ke1 Re8 38. Rxe8 Kxe8 39. Kd2 Ke7 40. Kd3 Ke6 41. Kc4 Ke5 42. f3 h5 43. Kxb4 Kd4 44. f4 gxf4 45. gxf4 Ke4 46. Kc4 Kxf4 47. Kd4 Kg3 48. Ke3 h4 49. Ke2 Kg2 50. Ke1 Kxh3 51. Kf1 Kh2 52. Kf2 h3 53. Kf1 Kh1 54. Kf2 Kh2 55. Kf1 1/2-1/2

[Event "POR-ch U16"]
[Site "Torres Vedras"]
[Date "2011.04.13"]
[Round "7"]
[White "Belsley, Alexandre"]
[Black "Oliveira, Maria Ines"]
[Result "1/2-1/2"]
[WhiteElo "1687"]
[BlackElo "1828"]
[PlyCount "55"]
[EventDate "2011.03.28"]
[EventType "swiss"]
[EventRounds "7"]
[EventCountry "POR"]
[SourceTitle "EXT 2015"]
[Source "ChessBase"]
[SourceDate "2014.11.20"]
[SourceVersion "1"]
[SourceVersionDate "2014.11.20"]
[SourceQuality "1"]

1. d4 Nf6 2. c4 g6 3. Nc3 Bg7 4. e4 d6 5. Nf3 0-0 6. h3 e5 7. d5 Nbd7 8. Bd3 a5 9. Bg5 Nc5 10. Qd2 h6 11. Be3 Nfd7 12. Bc2 Kh7 13. g4 Qe7 14. 0-0-0 b6 15. Qe2 Nb8 16. g5 h5 17. Rdg1 Nba6 18. b3 Bd7 19. a3 Rfb8 20. a4 Nb4 21. Kb2 Rh8 22. Qd2 Rae8 23. Rh2 Nba6 24. Rd1 Nb4 25. Bb1 Qd8 26. Rdh1 Re7 27. Rg1 Ree8 28. Rgh1 1/2-1/2

[Event "POR-ch U16"]
[Site "Torres Vedras"]
[Date "2011.04.13"]
[Round "5"]
[White "Wang, Rui Yang"]
[Black "Belsley, Alexandre"]
[Result "0-1"]
[WhiteElo "1565"]
[BlackElo "1687"]
[PlyCount "67"]
[EventDate "2011.03.28"]
[EventType "swiss"]
[EventRounds "7"]
[EventCountry "POR"]
[SourceTitle "EXT 2015"]
[Source "ChessBase"]
[SourceDate "2014.11.20"]
[SourceVersion "1"]
[SourceVersionDate "2014.11.20"]
[SourceQuality "1"]

1. g3 e6 2. Bg2 f5 3. d4 Nf6 4. c4 Be7 5. e3 0-0 6. Nd2 d6 7. b3 Nbd7 8. Bb2 c6 9. Ne2 e5 10. 0-0 Qc7 11. Qc2 g6 12. Qc3 e4 13. Nf4 Nb6 14. Rac1 g5 15. Nh3 h6 16. c5 Nbd5 17. Qc4 Be6 18. Qe2 Nb4 19. cxd6 Bxd6 20. Ra1 Nd3 21. Nc4 Bxc4 22. bxc4 c5 23. Qc2 Rac8 24. d5 Nxb2 25. Qxb2 Be5 26. Qb3 Bxa1 27. Rxa1 Qe5 28. Rd1 b6 29. Kh1 Ng4 30. Qc2 Rc7 31. Qd2 Rd7 32. Ng1 f4 33. Bh3 fxe3 34. fxe3 0-1